000 00454nam a2200181Ia 4500
003 GCL
008 140319s9999 xx 000 0 eng d
040 _aGCL /
_cGCL
082 0 4 _a759
_bM S
100 1 _aMONSEL, PHILIPPE
245 1 0 _aS. COURBET /
_cMONSEL, PHILIPPE
260 _a[S.N] :
_bCERCLE D' ART ،
_c1995
300 _a63 P
650 0 4 _aCOURBET, GUSTAVE
650 0 4 _aPAINTERS AND PAINTINGS
650 0 4 _aPEALISON ART
942 _2ddc
_cBK
999 _c13915
_d13915